MARC

LEADER 00000nas a2200000 a 4500
001 ssj0000397572
003 WaSeSS
005 20200512172242.0
006 m d
007 cr n
008 100426c20059999sp uu p s 0 0spa c
010 |a  2010267122 
016 7 |a 1001980816  |2 DE-101 
016 7 |a 2551434-9  |2 DE-600 
022 |a 1699-3950  |l 1699-3950 
035 |a (WaSeSS)ssj0000397572 
040 |a SHS  |b eng  |c SHS  |d OCLCQ  |d DOS  |d DEBBG  |d GWDNB  |d CUS  |d OCLCQ  |d OCLCF  |d OCLCO  |d TOH  |d AU@  |d VT2  |d UAB  |d U3W  |d WaSeSS 
042 |a pcc 
050 4 |a JZ9  |b .R454 online 
245 0 0 |a Relaciones internacionales  |h [electronic resource]. 
246 3 |a Revista académica de relaciones internacionales 
246 3 |a Revista relaciones internacionales 
260 |a [Madrid] :  |b Grupo de Estudios de Relaciones Internacionales (GERI), Universidad Autónoma de Madrid, España 
310 |a Three no. a year 
362 1 |a Began with Número 1 (2005). 
506 |a License restrictions may limit access. 
546 |a Articles in Spanish with abstracts, keywords, and tables of contents in English and Spanish. 
588 |a Description based on: Número 1 (2005); title from HTML table of contents page (publisher website, viewed November 9, 2010). 
588 |a Latest issue consulted: Número 15 (2010) (publisher website, viewed November 9, 2010). 
650 0 |a International relations  |v Periodicals. 
650 7 |a International relations.  |2 fast  |0 (OCoLC)fst00977053 
655 0 |a Electronic journals. 
710 2 |a Universidad Autónoma de Madrid.  |b Grupo de Estudios de Relaciones Internacionales. 
856 4 0 |z Full text available from Research Library: 02/01/2012 to present  |u https://search.proquest.com/publication/1766361